Toulouse FC Squad 2023-2024 - Statistics

General Stats
  • This quiz has been taken 28 times
    25 since last reset
  • The average score is 23 of 31
Answer Stats
# Position Nation Player % Correct
17 DF Chile Gabriel Suazo
100%
50 GK France Guillaume Restes
100%
3 DF Denmark Mikkel Desler
95%
2 DF Denmark Rasmus Nicolaisen
95%
9 FW Netherlands Thijs Dallinga
95%
7 FW Morocco Zakaria Aboukhlal
95%
15 FW Norway Aron Dønnum
89%
6 DF Cape Verde Logan Costa
89%
8 MF Switzerland Vincent Sierro
89%
4 MF Netherlands Stijn Spierings
84%
5 MF Australia Denis Genreau
79%
20 MF Germany Niklas Schmidt
79%
30 GK Spain Álex Domínguez
74%
- Coach Spain Carles Martínez
74%
24 MF Venezuela Cristian Cásseres Jr.
74%
19 FW Cameroon Frank Magri
74%
23 DF Mali Moussa Diarra
74%
22 MF Finland Naatan Skyttä
74%
12 DF Norway Warren Kamanzi
74%
11 MF Spain César Gelabert
68%
13 DF France Christian Mawissa
63%
10 FW Netherlands Ibrahim Cissoko
63%
14 FW Morocco Yanis Begraoui
63%
37 MF France Yann Gboho
63%
25 DF Cameroon Kévin Keben
58%
18 DF Sweden Oliver Zandén
58%
80 FW Gabon Shavy Babicka
58%
1 GK France Thomas Himeur
58%
26 DF France Ylies Aradj
58%
21 FW Burkina Faso Mamady Bangré
53%
40 GK France Justin Lacombe
47%
No matching quizzes found
Score Distribution
Percent of People with Each Score
Percentile by Number Answered
Your Score History
You have not taken this quiz since the last reset